| 000 | 00632nam a2200193Ia 4500 | ||
|---|---|---|---|
| 003 | GCL | ||
| 008 | 140319s9999 xx 000 0 ara d | ||
| 040 |
_aGCL / _cGCL |
||
| 082 | 0 | 4 |
_a345.05 _bم م |
| 100 | 1 | _aمحمد عبدالمنعم سالم | |
| 245 | 1 | 0 |
_aمدلول الحكم الجنائى: من حيث الصحة والقوة / _cمحمد عبدالمنعم سالم |
| 260 |
_a[S.N] : _bمنشاة المعارف ، _c1991 |
||
| 300 | _a165 ص | ||
| 490 | _a | ||
| 650 | 0 | 4 | _aالقانون الجنائى |
| 650 | 0 | 4 | _aالقانون |
| 650 | 0 | 4 | _aقانون الاجراءات الجنائية |
| 942 |
_2ddc _cBK |
||
| 999 |
_c29012 _d29012 |
||